Sports Quiz

Random Sports or NBA Quiz

2000 NBA Blocks Quiz Stats

 Plays Quiz not verified by Sporcle

Score 0/18 Timer 05:00
0 Plays Today
Blocks Player % Correct
3830Hakeem Olajuwon
92.7%
3289Dikembe Mutombo
91.7%
2086Manute Bol
88.5%
3020Tim Duncan
87.5%
2894Patrick Ewing
86.5%
2954David Robinson
85.4%
2732Shaquille O'Neal
85.4%
3189Kareem Abdul-Jabbar
82.3%
3064Mark Eaton
75%
Blocks Player % Correct
2037Kevin Garnett
75%
2361Robert Parish
72.9%
2119Shawn Bradley
72.9%
2356Alonzo Mourning
63.5%
2137Ben Wallace
60.4%
2331Marcus Camby
51%
2542Tree Rollins
34.4%
2082George Johnson
26%
2027Larry Nance
14.6%

You're not logged in!

Compare scores with friends on all Sporcle quizzes.
OR
Log In

Sporcle TV

Today on Sporcle TV


Watch our educational content, quiz creation guides, and fun videos on Sporcle TV.

Show Comments

Extras

Top Quizzes Today


Score Distribution

Your Account Isn't Verified!

In order to create a playlist on Sporcle, you need to verify the email address you used during registration. Go to your Sporcle Settings to finish the process.

Report this User

Report this user for behavior that violates our Community Guidelines.

Details: